El mensaje y el mensajero sideral
Saved in:
| Main Authors: | , |
|---|---|
| Format: | Book |
| Language: | Spanish |
| Published: |
Madrid
Alianza
1984
|
| Series: | El Libro de Bolsillo. Sección Ciencia y Técnica, 995
|
| Subjects: | |
| Tags: |
Add Tag
No Tags, Be the first to tag this record!
|
MARC
| LEADER | 00000cam a2200000 a 4500 | ||
|---|---|---|---|
| 001 | UCW9680 | ||
| 003 | CL-VaPUC | ||
| 008 | 890606e19840000SP |||||||||||||||||spa|d | ||
| 082 | 0 | 4 | |a 521 |b GAL |2 21 |
| 100 | |a Galilei, Galileo |e author |9 264973 | ||
| 700 | |a Kepler, Johannes |e author |9 315045 | ||
| 245 | 1 | 3 | |a El mensaje y el mensajero sideral |
| 300 | |a 212 p | ||
| 942 | |c BK | ||
| 945 | |d 19890606 00:00:00 | ||
| 260 | |a Madrid |b Alianza |c 1984 | ||
| 650 | 0 | |a Astronomía antigua |9 266250 | |
| 583 | |a last modification |c 20171031 11:00:18 |k Rodrigo Vera | ||
| 490 | 0 | |a El Libro de Bolsillo. Sección Ciencia y Técnica, 995 | |
| 999 | |c 221592 |d 221590 | ||
| 952 | |0 0 |1 0 |4 0 |6 521_000000000000000_GAL_1984 |7 0 |8 P |9 215089 |a BIBEDU |b BIBEDU |c BIBEDU_PB |d 2019-11-15 |i 2836424 |o 521 GAL 1984 |p 2836424 |r 2024-01-25 |w 2019-11-15 |y BK |k FIL | ||
| 952 | |0 0 |1 0 |4 0 |6 521_000000000000000_GAL_1984 |7 0 |8 A |9 215090 |a BIBCUR |b BIBCUR |d 2019-11-15 |i 2836432 |o 521 GAL 1984 |p 2836432 |r 2025-04-22 |w 2019-11-15 |y BK |k BCB | ||
| 952 | |0 0 |1 0 |3 erb |4 0 |6 521_000000000000000_GAL_1984 |7 0 |8 A |9 215091 |a FDOHBE |b FDOHBE |e Huesbe Llanos, Marco Antonio, 1934- |i 5304644 |o 521 GAL 1984 |p 5304644 |r 2023-01-25 |w 2019-11-15 |y BK |z Catalogado en:20160520 |k HBE | ||